00891nam a2200205 a 450000100100000000500170001000800410002702000150006804000250008324501010010826000720020930000210028149000600030250400320036270000420039471000600043683000670049695201050056399900170066800004126820201002034736.0130927s2002 sp 000 0 spa d a8400080491 aDO-SdBNPbspacBNPHU00aDemonio, Religión y Sociedad entre España y América /ccoordinador Fermin del Pino Díaz. aMadrid :bConsejo Superior de Investigaciones Científicas,c2002. a389 p. ;c25 cm.1 aBiblioteca de diactología y tradiciones popularesv35 aBibliografía : p. 387-3891 aPino Díaz, Fermin delecoor.9411442 aConsejo Superior de Investigaciones Científicas94786 0aBiblioteca de diactología y tradiciones popularesv35967878 001050718MOaGRbGRcCTd2013-09-27iLF1l0o p41268-10r2020-06-25w2020-06-25y1ZNo se presta c40758d40758